Animaux par descriptions #1 - Statistiques

Statistiques générales
  • Ce quiz a été pris 70 fois
  • Le résultat moyen est 13 sur 20
Statistiques - réponses
Hint Réponse % Correct
Insecte jaune et noir producteur de miel. Abeille
92%
Mammifère à trompe vivant en Afrique ou en Asie. Éléphant
92%
Reptile à carapace vivant souvent dans l’eau. Tortue
90%
Reptile célèbre pour changer de couleur. Caméléon
89%
Grand oiseau noir connu pour imiter la voix humaine. Corbeau
82%
Grand mammifère marin aux nageoires puissantes. Flipper en est un. Dauphin
82%
Gros félin rayé d’Asie. Tigre
82%
Mammifère marsupial sauteur d’Australie. Kangourou
79%
Animal marin avec huit bras. Pieuvre
79%
Grand félin tacheté d’Afrique. Léopard
75%
Oiseau géant africain coureur, incapable de voler. Autruche
74%
Grand singe d’Afrique proche de l’humain. Chimpanzé
72%
Petit rongeur domestique aux longues moustaches. Souris
72%
Insecte à grandes ailes colorées, souvent pollinisateur. Papillon
67%
Oiseau incapable de voler, vivant dans l’hémisphère sud. Manchot
57%
Poisson coloré des récifs coralliens. Poisson-clown
57%
Amphibien mexicain célèbre pour sa capacité à se régénérer. Axolotl
33%
Oiseau marin au long bec coloré, vivant en Arctique. Macareux
13%
Insecte nuisible aux cultures, jaune à pois noirs. Doryphore
10%
Oiseau connu pour sa danse nuptiale et sa crête. Grue
7%
Aucun quiz correspondant
Distribution des résultats
% des personnes avec chaque résultat
Percentile par nombre de réponses
Votre historique - résultats
Vous n’avez pas pris ce quiz